| 000 | 00694cam a2200241 a 4500 | ||
|---|---|---|---|
| 001 | 000005277 | ||
| 005 | 20200929151629.0 | ||
| 008 | 001010s2000 sp 000 1 spa d | ||
| 020 | _a8495501058 | ||
| 040 |
_aDO-SdBNP _bspa _cBNPHU |
||
| 082 |
_a863.64 _bM971p, 2000 |
||
| 100 | 1 |
_aMuñoz Molina, Antonio, _d1956- _915035 |
|
| 245 | 1 | 0 |
_aPlenilunio / _cAntonio Muñoz Molina. |
| 250 | _a3a ed. | ||
| 260 |
_a[Madrid] : _bSuma de Letras, _c2000. |
||
| 300 |
_a553 p. ; _c18 cm. |
||
| 490 | 1 |
_aPunto de lectura _v6/1 |
|
| 650 | 4 |
_aNovela española _91123 |
|
| 650 | 4 |
_aLiteratura española _9632 |
|
| 830 | 0 |
_aPunto de lectura ; _v6/1 _93047 |
|
| 910 | _aCatalogación derivada | ||
| 910 | _aWM | ||
| 999 |
_c5078 _d5078 |
||